000 00555nam a2200169Ia 4500
003 GCL
008 140319s9999 xx 000 0 ara d
040 _aGCL /
_cGCL
082 0 4 _a301.42
_bع ا
100 1 _aعبدالمنعم محمد حسين
245 1 0 _aالاسرة ومنهجها التربوى لتنشئةالابناء فى عالم متغير /
_cعبدالمنعم محمد حسين
260 _a[S.N] :
_bمكتبة النهضة المصرية ،
_c1985
300 _a133 ص
490 _a
650 0 4 _aالاسرة
942 _2ddc
_cBK
999 _c54126
_d54126